[Event "GER-chT U14 Girls"]
[Site "Burg Stargard"]
[Date "2006.12.28"]
[Round "4.1"]
[White "Rusch, Julia"]
[Black "Schuetten, Annalisa"]
[Result "0-1"]
[WhiteElo "902"]
[BlackElo "1061"]
[PlyCount "66"]
[EventDate "2006.12.27"]
[EventType "team-swiss"]
[EventRounds "7"]
[EventCountry "GER"]
[SourceTitle "EXT 2008"]
[Source "ChessBase"]
[SourceDate "2007.11.25"]
[SourceVersion "1"]
[SourceVersionDate "2007.11.25"]
[SourceQuality "1"]
[WhiteTeam "Torgelow Droegeheide U14 Girls"]
[BlackTeam "Erftstadt SV U14 Girls"]
[WhiteTeamCountry "GER"]
[BlackTeamCountry "GER"]

1. e4 e5 2. Nf3 Nc6 3. Bc4 Bc5 4. Nc3 d6 5. d3 Nf6 6. Bg5 Be6 7. Bxe6 fxe6 8. a3 Qe7 9. b4 Bb6 10. 0-0 h6 11. Bh4 g5 12. Bg3 Nh5 13. Ne2 Nxg3 14. Nxg3 g4 15. Nd2 h5 16. Nc4 Bd4 17. Rb1 a6 18. a4 Qg5 19. b5 axb5 20. axb5 Na5 21. Na3 b6 22. Qe1 Bc5 23. Qc3 h4 24. Ne2 0-0 25. d4 Bxa3 26. Qxa3 Nc4 27. Qb3 Nd2 28. Qxe6+ Kh8 29. Nc3 Nxf1 30. Rxf1 Qf4 31. Ne2 Qxf2+ 32. Rxf2 Ra1+ 33. Rf1 Raxf1# 0-1